Compositeurs de musiques classiques - Statistiques

Statistiques générales
  • Ce quiz a été pris 21 427 fois
  • Le résultat moyen est 8 sur 20
Statistiques - réponses
Morceau Compositeur % Correct
La Lettre à Élise Ludwig van Beethoven
89%
Les Quatre Saisons Antonio Vivaldi
86%
La Flûte Enchantée Wolfgang Amadeus Mozart
85%
Boléro Maurice Ravel
70%
Le Lac des Cygnes Piotr Illitch Tchaikovsky
59%
La Walkyrie Richard Wagner
54%
Carmen Georges Bizet
50%
Fantaisie-Impromptu Frédéric Chopin
43%
La Truite Franz Schubert
38%
Variations Goldberg Jean-Sébastien Bach
38%
Le Carnaval des Animaux Camille Saint-Saëns
37%
Le Beau Danube bleu Johann Strauss
32%
Danses hongroises Johannes Brahms
31%
Pierre et le Loup Sergei Prokofiev
26%
Rhapsody in Blue George Gershwin
23%
Le Barbier de Séville Gioacchino Rossini
22%
Peer Gynt Edvard Grieg
18%
La Damnation de Faust Hector Berlioz
17%
Madame Butterfly Giacomo Puccini
15%
Finlandia Jean Sibelius
12%
Aucun quiz correspondant
Distribution des résultats
% des personnes avec chaque résultat
Percentile par nombre de réponses
Votre historique - résultats
Vous n’avez pas pris ce quiz